00478nam a2200133 a 4500008004100000050001500041110005500056245006100111260007100172300001900243350000900262500004000271650003300311090915s2007 ||||||||||||||||| || u aUN-ECA(02) aUnited Nations Economic and Social Affairs (UNESA)10aHarnessing traditional governance in the Southern Africa aLusakabUNITED NATIONS ECONOMIC COMMISSION FOR AFRICA(UNECA)c2007 axiv, 60p. ;ill a0.00 aIncludes Bibliographical References aGOVERNANCE--AFRICA, SOUTHERN